000 00490nam a22001817a 4500
999 _c20199
_d20199
003 BDDh-ASL
005 20231015025846.0
008 201227s1991 bg ||||| |||| 00| 0 eng d
040 _cBDDh-ASL
082 _a297
_bCHI
100 1 _92609
_aChoudhury, G. W.
245 1 0 _aIslam and the Contemporary World /
260 _aDhaka:
_bAcademic Publishers,
_c1991.
300 _a227 p.:
_c22 cm.
504 _aInclude Bibliographical References
650 0 _91652
_aIslam
942 _2ddc
_cBK